|
|
|
|
| LEADER |
00911nam a2200217 i 4500 |
| 001 |
c000028356 |
| 003 |
CARM |
| 005 |
00000000000000.0 |
| 008 |
850520s1976 quc 0 eng d |
| 019 |
1 |
|
|a 1144691
|z 9253933
|5 LACONCORD2021
|
| 035 |
|
|
|a (OCoLC)3707816
|5 LACONCORD2021
|
| 245 |
0 |
0 |
|a Fiction, form, experience :
|b the French novel from naturalism to the present /
|c edited by Grant E. Kaiser.
|
| 260 |
|
|
|a Montreal :
|b Editions France-Quebec,
|c 1976.
|
| 300 |
|
|
|a 198 p.
|
| 500 |
|
|
|a English and French.
|
| 650 |
|
0 |
|a French fiction
|y 19th century
|x History and criticism.
|
| 650 |
|
0 |
|a French fiction
|y 20th century
|x History and criticism.
|
| 700 |
1 |
|
|a Kaiser, Grant E.
|
| 852 |
8 |
|
|b CARM
|h A2:AE20D0
|i C00796
|p 0051494
|f BK
|
| 999 |
f |
f |
|i 1221be4d-f215-559f-946c-607b403a4642
|s 146be740-e031-5849-8340-deb98e393bac
|
| 952 |
f |
f |
|p Can circulate
|a CAVAL
|b CAVAL
|c CAVAL
|d CARM 1 Store
|e C00796
|f A2:AE20D0
|h Other scheme
|i book
|m 0051494
|